[Event "HUN-chT2 Erkel 1718"]
[Site "Hungary"]
[Date "2017.10.08"]
[Round "2.3"]
[White "Demeter, Istvan"]
[Black "Lorincz, Istvan"]
[Result "1/2-1/2"]
[WhiteElo "2014"]
[BlackElo "2257"]
[PlyCount "23"]
[EventDate "2017.09.24"]
[EventType "team-tourn"]
[EventRounds "11"]
[EventCountry "HUN"]
[SourceTitle "EXT 2021"]
[Source "ChessBase"]
[SourceDate "2020.10.23"]
[SourceVersion "1"]
[SourceVersionDate "2020.10.23"]
[SourceQuality "1"]
[WhiteTeam "Gyongyos Energia"]
[BlackTeam "Budapest EAC"]
[WhiteTeamCountry "HUN"]
[BlackTeamCountry "HUN"]

1. Nf3 d5 2. g3 c6 3. Bg2 Nf6 4. c4 g6 5. 0-0 Bg7 6. d4 0-0 7. Nc3 dxc4 8. a4 a5 9. e4 h6 10. Qe2 Be6 11. Rd1 Qc8 12. Nd2 1/2-1/2

[Event "HUN-chT2 Erkel 1617"]
[Site "Hungary"]
[Date "2017.02.26"]
[Round "9.2"]
[White "Demeter, Istvan"]
[Black "Martian, Dragos Daniel"]
[Result "1/2-1/2"]
[WhiteElo "2011"]
[BlackElo "2268"]
[PlyCount "32"]
[EventDate "2016.09.25"]
[EventType "team-tourn"]
[EventRounds "11"]
[EventCountry "HUN"]
[SourceTitle "EXT 2021"]
[Source "ChessBase"]
[SourceDate "2020.10.23"]
[SourceVersion "1"]
[SourceVersionDate "2020.10.23"]
[SourceQuality "1"]
[WhiteTeam "Gyongyos Matra"]
[BlackTeam "Szigetszentmiklos"]
[WhiteTeamCountry "HUN"]
[BlackTeamCountry "HUN"]

1. Nf3 c5 2. g3 Nc6 3. Bg2 g6 4. 0-0 Bg7 5. d3 e6 6. c3 Nge7 7. e4 0-0 8. Nbd2 d6 9. Re1 Rb8 10. Nf1 b5 11. Qc2 b4 12. c4 Na5 13. Qe2 Nac6 14. Rb1 b3 15. a3 Re8 16. Bg5 Bd7 1/2-1/2

[Event "HUN-chT2 Erkel 1617"]
[Site "Hungary"]
[Date "2017.01.29"]
[Round "7.2"]
[White "Demeter, Istvan"]
[Black "Nogrady, Vilmos"]
[Result "0-1"]
[WhiteElo "2011"]
[BlackElo "2153"]
[PlyCount "96"]
[EventDate "2016.09.25"]
[EventType "team-tourn"]
[EventRounds "11"]
[EventCountry "HUN"]
[SourceTitle "EXT 2021"]
[Source "ChessBase"]
[SourceDate "2020.10.23"]
[SourceVersion "1"]
[SourceVersionDate "2020.10.23"]
[SourceQuality "1"]
[WhiteTeam "Gyongyos Matra"]
[BlackTeam "Fot"]
[WhiteTeamCountry "HUN"]
[BlackTeamCountry "HUN"]

1. Nf3 Nf6 2. g3 g6 3. Bg2 Bg7 4. 0-0 0-0 5. d3 d5 6. Nbd2 c5 7. c3 Nc6 8. e4 e6 9. Qa4 Bd7 10. Qc2 Rc8 11. Re1 b5 12. h3 Qc7 13. Nf1 d4 14. Bd2 dxc3 15. Bxc3 e5 16. Bd2 Qd6 17. Rac1 Nd4 18. Nxd4 cxd4 19. Qb1 Be6 20. b3 Qd7 21. Kh2 Rxc1 22. Rxc1 Rc8 23. Qb2 Rxc1 24. Qxc1 Qc8 25. Qxc8+ Bxc8 26. Bf3 Be6 27. Bd1 Nd7 28. g4 Bf8 29. Kg3 f6 30. Kf3 Nc5 31. Ke2 Na6 32. f3 Bb4 33. Bc2 Bxd2 34. Nxd2 Nb4 35. Bb1 Kf7 36. a3 Nc6 37. Bc2 a5 38. Nb1 b4 39. a4 f5 40. Nd2 Kf6 41. Kf2 Ne7 42. Kg3 fxg4 43. fxg4 g5 44. Nf3 Ng6 45. h4 h6 46. h5 Nf4 47. Ne1 Ne2+ 48. Kf2 Nc1 0-1

[Event "HUN-chT2 Erkel 1617"]
[Site "Hungary"]
[Date "2016.10.30"]
[Round "3.2"]
[White "Demeter, Istvan"]
[Black "Haszon, David"]
[Result "0-1"]
[WhiteElo "2011"]
[BlackElo "2205"]
[PlyCount "96"]
[EventDate "2016.09.25"]
[EventType "team-tourn"]
[EventRounds "11"]
[EventCountry "HUN"]
[SourceTitle "EXT 2021"]
[Source "ChessBase"]
[SourceDate "2020.10.23"]
[SourceVersion "1"]
[SourceVersionDate "2020.10.23"]
[SourceQuality "1"]
[WhiteTeam "Gyongyos Matra"]
[BlackTeam "Budapest Kobanya II"]
[WhiteTeamCountry "HUN"]
[BlackTeamCountry "HUN"]

1. Nf3 Nf6 2. g3 g6 3. Bg2 Bg7 4. 0-0 0-0 5. c4 c6 6. Nc3 d5 7. cxd5 Nxd5 8. Nxd5 Qxd5 9. d3 Rd8 10. Qc2 Na6 11. Bd2 Qh5 12. Bc3 e5 13. Rfe1 Nc7 14. Ba5 Rd7 15. Bd2 Ne6 16. Qc4 Nd4 17. Nxd4 Rxd4 18. Qc2 Be6 19. Be3 Rd7 20. a3 Bd5 21. Qa4 Qf5 22. Bxd5 cxd5 23. Rac1 d4 24. Bd2 a6 25. Qc4 h5 26. Qc5 Qe6 27. Qc4 Qe8 28. Qc5 e4 29. Bf4 Re7 30. Bd2 Qd7 31. Qc4 Rae8 32. dxe4 Rxe4 33. Qd3 Qe6 34. e3 Qf5 35. Qe2 R4e7 36. Bb4 Re5 37. Bd2 h4 38. g4 Qd7 39. Qf3 Re4 40. h3 dxe3 41. Bxe3 Bxb2 42. Red1 Qe7 43. Rc2 Bg7 44. Rd3 b5 45. Rcd2 Qf6 46. Qg2 a5 47. Rd4 Rxe3 48. fxe3 Rxe3 0-1

[Event "HUN-chT2 Erkel 1516"]
[Site "Hungary"]
[Date "2015.11.29"]
[Round "5.5"]
[White "Sillye, Kalman"]
[Black "Demeter, Istvan"]
[Result "1/2-1/2"]
[WhiteElo "2061"]
[BlackElo "1997"]
[PlyCount "65"]
[EventDate "2015.09.13"]
[EventType "team-tourn"]
[EventRounds "11"]
[EventCountry "HUN"]
[SourceTitle "CBM 170 Extra"]
[Source "ChessBase"]
[SourceDate "2016.02.25"]
[SourceVersion "1"]
[SourceVersionDate "2016.02.25"]
[SourceQuality "1"]
[WhiteTeam "GSBE"]
[BlackTeam "Matra"]
[WhiteTeamCountry "HUN"]
[BlackTeamCountry "HUN"]

1. d4 Nf6 2. Nf3 g6 3. Bf4 Bg7 4. e3 0-0 5. h3 d6 6. Be2 Nbd7 7. 0-0 c6 8. c3 Re8 9. Bh2 Nf8 10. Nbd2 h6 11. Qb3 Qb6 12. Bc4 Be6 13. Rfd1 Bxc4 14. Nxc4 Qc7 15. Rac1 Qd7 16. Qc2 Qe6 17. Qb3 Qd7 18. Ncd2 N8h7 19. Qc2 Ng5 20. Nxg5 hxg5 21. Ne4 Nxe4 22. Qxe4 Qf5 23. f3 d5 24. Qc2 Qxc2 25. Rxc2 e5 26. Kf2 Re7 27. Re2 Rae8 28. Rde1 f5 29. g4 Kf7 30. a4 Rh8 31. Kg2 Rhe8 32. Kf2 Rh8 33. Kg2 1/2-1/2

[Event "HUN-chT2 Erkel 1516"]
[Site "Hungary"]
[Date "2015.10.18"]
[Round "3.2"]
[White "Demeter, Istvan"]
[Black "Liptay, Laszlo"]
[Result "1/2-1/2"]
[WhiteElo "1997"]
[BlackElo "2308"]
[PlyCount "34"]
[EventDate "2015.09.13"]
[EventType "team-tourn"]
[EventRounds "11"]
[EventCountry "HUN"]
[SourceTitle "CBM 170 Extra"]
[Source "ChessBase"]
[SourceDate "2016.02.25"]
[SourceVersion "1"]
[SourceVersionDate "2016.02.25"]
[SourceQuality "1"]
[WhiteTeam "Matra"]
[BlackTeam "HASE"]
[WhiteTeamCountry "HUN"]
[BlackTeamCountry "HUN"]

1. Nf3 Nf6 2. g3 g6 3. Bg2 Bg7 4. 0-0 0-0 5. c4 d6 6. Nc3 e5 7. d4 Nbd7 8. dxe5 dxe5 9. Qc2 c6 10. Rd1 Qe7 11. h3 a5 12. Be3 Nc5 13. b3 Re8 14. Rac1 Bf5 15. Qb2 Nfe4 16. Nxe4 Bxe4 17. Qc3 Ne6 1/2-1/2

[Event "HUN-chT2 Erkel 1516"]
[Site "Hungary"]
[Date "2015.09.13"]
[Round "1.2"]
[White "Demeter, Istvan"]
[Black "Szabolcsi, Janos"]
[Result "0-1"]
[WhiteElo "1997"]
[BlackElo "2313"]
[PlyCount "45"]
[EventDate "2015.09.13"]
[EventType "team-tourn"]
[EventRounds "11"]
[EventCountry "HUN"]
[SourceTitle "CBM 170 Extra"]
[Source "ChessBase"]
[SourceDate "2016.02.25"]
[SourceVersion "1"]
[SourceVersionDate "2016.02.25"]
[SourceQuality "1"]
[WhiteTeam "Matra"]
[BlackTeam "Budapest MTK II"]
[WhiteTeamCountry "HUN"]
[BlackTeamCountry "HUN"]

1. Nf3 d5 2. g3 c6 3. Bg2 Bg4 4. c4 Nf6 5. 0-0 Nbd7 6. cxd5 cxd5 7. Qa4 e6 8. d3 Bd6 9. Nc3 0-0 10. Re1 a6 11. Bg5 Qb6 12. Rab1 Rac8 13. Qd1 e5 14. h3 Be6 15. d4 e4 16. Nd2 Bb4 17. Qb3 Rc6 18. a3 Ba5 19. Qxb6 Bxb6 20. Nb3 Rfc8 21. Bd2 Ne8 22. e3 Nd6 23. Na4 0-1

[Event "CZE-ch Seniors 60"]
[Site "Rychnov nad Kneznou"]
[Date "2015.08.16"]
[Round "2"]
[White "Mares, Ilja"]
[Black "Demeter, Istvan"]
[Result "1/2-1/2"]
[WhiteElo "1787"]
[BlackElo "2025"]
[PlyCount "45"]
[EventDate "2015.08.15"]
[EventType "swiss"]
[EventRounds "9"]
[EventCountry "CZE"]
[SourceTitle "EXT 2016"]
[Source "ChessBase"]
[SourceDate "2015.10.08"]
[SourceVersion "1"]
[SourceVersionDate "2015.10.08"]
[SourceQuality "1"]

1. Nf3 Nf6 2. c4 g6 3. Nc3 Bg7 4. e4 d6 5. d4 0-0 6. Be2 c6 7. 0-0 Qc7 8. h3 e5 9. Be3 Nbd7 10. Qd2 Re8 11. d5 c5 12. Bd3 Nf8 13. Nb5 Qb8 14. Nh2 N6d7 15. g4 h5 16. f4 a6 17. Nc3 hxg4 18. hxg4 exf4 19. Bxf4 Ne5 20. Bxe5 Rxe5 21. g5 Nd7 22. Nf3 Re7 23. Qf4 1/2-1/2

[Event "HUN-chT2 Erkel 1415"]
[Site "Hungary"]
[Date "2015.03.01"]
[Round "7.4"]
[White "Mizsei, Janos"]
[Black "Demeter, Istvan"]
[Result "0-1"]
[WhiteElo "2117"]
[BlackElo "2053"]
[PlyCount "52"]
[EventDate "2014.09.28"]
[EventType "team-tourn"]
[EventRounds "9"]
[EventCountry "HUN"]
[SourceTitle "EXT 2016"]
[Source "ChessBase"]
[SourceDate "2015.10.08"]
[SourceVersion "1"]
[SourceVersionDate "2015.10.08"]
[SourceQuality "1"]
[WhiteTeam "Jaszbereny"]
[BlackTeam "Matra"]
[WhiteTeamCountry "HUN"]
[BlackTeamCountry "HUN"]

1. d4 Nf6 2. c4 c5 3. d5 b5 4. Nf3 g6 5. Qc2 Bg7 6. e4 d6 7. Be2 0-0 8. 0-0 bxc4 9. Nbd2 Nbd7 10. h3 Nb6 11. Nxc4 Ba6 12. Be3 Nfd7 13. Nxb6 Qxb6 14. Rab1 Bxe2 15. Qxe2 Qa5 16. b3 Rab8 17. Bf4 Qb4 18. Rbc1 Rfe8 19. Rfd1 f6 20. Nd2 Qb7 21. Nc4 Qc7 22. Bd2 Ra8 23. f4 Nb6 24. Ba5 Qb7 25. Nd2 e6 26. dxe6 Rxe6 0-1

[Event "HUN-chT2 Erkel 1415"]
[Site "Hungary"]
[Date "2014.11.30"]
[Round "3.4"]
[White "Ruttkay, Peter"]
[Black "Demeter, Istvan"]
[Result "1/2-1/2"]
[WhiteElo "2099"]
[BlackElo "2053"]
[PlyCount "24"]
[EventDate "2014.09.28"]
[EventType "team-tourn"]
[EventRounds "9"]
[EventCountry "HUN"]
[SourceTitle "EXT 2016"]
[Source "ChessBase"]
[SourceDate "2015.10.08"]
[SourceVersion "1"]
[SourceVersionDate "2015.10.08"]
[SourceQuality "1"]
[WhiteTeam "GBSE"]
[BlackTeam "Matra"]
[WhiteTeamCountry "HUN"]
[BlackTeamCountry "HUN"]

1. Nf3 Nf6 2. g3 g6 3. Bg2 Bg7 4. 0-0 0-0 5. c3 d6 6. d3 e5 7. e4 c6 8. Nbd2 Qc7 9. Nc4 Nbd7 10. Ne3 Re8 11. Qc2 Nf8 12. Bd2 Nh5 1/2-1/2

[Event "HUN-chT2 Erkel 1213"]
[Site "Hungary"]
[Date "2013.03.03"]
[Round "8.6"]
[White "Demeter, Istvan"]
[Black "Kovacs, Zsolt"]
[Result "1/2-1/2"]
[WhiteElo "2047"]
[BlackElo "2113"]
[PlyCount "67"]
[EventDate "2012.09.16"]
[EventType "team-tourn"]
[EventRounds "11"]
[EventCountry "HUN"]
[SourceTitle "EXT 2014"]
[Source "ChessBase"]
[SourceDate "2013.11.20"]
[SourceVersion "1"]
[SourceVersionDate "2013.11.20"]
[SourceQuality "1"]
[WhiteTeam "Matra"]
[BlackTeam "Paszto"]
[WhiteTeamCountry "HUN"]
[BlackTeamCountry "HUN"]

1. Nf3 c5 2. g3 Nc6 3. Bg2 d5 4. 0-0 e5 5. c4 d4 6. d3 Bd6 7. Na3 a6 8. Nc2 Nge7 9. a3 Qc7 10. Bd2 a5 11. b3 Bg4 12. Ng5 Ng6 13. h3 Bd7 14. Ne4 Be7 15. b4 Qc8 16. Kh2 axb4 17. axb4 cxb4 18. Rb1 f5 19. Ng5 h6 20. Nf3 Ra4 21. e3 Bc5 22. exd4 exd4 23. Nxb4 Nxb4 24. Bxb4 0-0 25. Bxc5 Qxc5 26. Rxb7 Bc6 27. Rb2 f4 28. Qe2 Re8 29. Qd2 fxg3+ 30. fxg3 Ra3 31. Re1 Rf8 32. Rf1 Re8 33. Re1 Rf8 34. Rf1 1/2-1/2

[Event "HUN-chT2 Erkel 1213"]
[Site "Hungary"]
[Date "2013.01.27"]
[Round "6.7"]
[White "Grimm, Gyorgy"]
[Black "Demeter, Istvan"]
[Result "1-0"]
[WhiteElo "2059"]
[BlackElo "2047"]
[PlyCount "87"]
[EventDate "2012.09.16"]
[EventType "team-tourn"]
[EventRounds "11"]
[EventCountry "HUN"]
[SourceTitle "EXT 2014"]
[Source "ChessBase"]
[SourceDate "2013.11.20"]
[SourceVersion "1"]
[SourceVersionDate "2013.11.20"]
[SourceQuality "1"]
[WhiteTeam "BEAC II"]
[BlackTeam "Matra"]
[WhiteTeamCountry "HUN"]
[BlackTeamCountry "HUN"]

1. e4 c5 2. Nf3 Nc6 3. d4 cxd4 4. Nxd4 g6 5. c4 Bg7 6. Be3 Nf6 7. Nc3 Ng4 8. Qxg4 Nxd4 9. Qd1 Ne6 10. Rc1 d6 11. Qd2 Bd7 12. Bd3 Qa5 13. 0-0 Nc5 14. Bb1 Bc6 15. f3 Ne6 16. Rfd1 0-0 17. Nd5 Qd8 18. Qf2 b6 19. Kh1 Nc7 20. Rc2 Bb7 21. Rcd2 Rc8 22. b3 Ne8 23. Bf4 Nc7 24. Qg3 e5 25. Bg5 f6 26. Nxc7 Qxc7 27. Be3 Rfd8 28. Qf2 Ba6 29. Bd3 Bb7 30. a4 Bc6 31. a5 Rb8 32. b4 Bf8 33. b5 Be8 34. axb6 axb6 35. Ra1 Ra8 36. Rda2 Qb7 37. Bxb6 Rdc8 38. Ra7 Rxa7 39. Rxa7 Qb8 40. Be3 Bf7 41. Qa2 Be6 42. b6 f5 43. Qa6 fxe4 44. fxe4 1-0

[Event "HUN-chT2 Erkel 1213"]
[Site "Hungary"]
[Date "2012.10.07"]
[Round "2.6"]
[White "Markos, Adam"]
[Black "Demeter, Istvan"]
[Result "1/2-1/2"]
[WhiteElo "2070"]
[BlackElo "2047"]
[PlyCount "24"]
[EventDate "2012.09.16"]
[EventType "team-tourn"]
[EventRounds "11"]
[EventCountry "HUN"]
[SourceTitle "EXT 2014"]
[Source "ChessBase"]
[SourceDate "2013.11.20"]
[SourceVersion "1"]
[SourceVersionDate "2013.11.20"]
[SourceQuality "1"]
[WhiteTeam "Dunaharaszti"]
[BlackTeam "Matra"]
[WhiteTeamCountry "HUN"]
[BlackTeamCountry "HUN"]

1. e4 c5 2. Nf3 Nc6 3. d4 cxd4 4. Nxd4 g6 5. Nxc6 bxc6 6. Qd4 Nf6 7. e5 Ng8 8. e6 Nf6 9. exf7+ Kxf7 10. c4 e5 11. Qd1 d5 12. Be2 d4 1/2-1/2

[Event "HUN-chT2 Erkel 1213"]
[Site "Hungary"]
[Date "2012.09.16"]
[Round "1.7"]
[White "Horvath, Jeno Kalman"]
[Black "Demeter, Istvan"]
[Result "1/2-1/2"]
[WhiteElo "2049"]
[BlackElo "2047"]
[PlyCount "41"]
[EventDate "2012.09.16"]
[EventType "team-tourn"]
[EventRounds "11"]
[EventCountry "HUN"]
[SourceTitle "EXT 2014"]
[Source "ChessBase"]
[SourceDate "2013.11.20"]
[SourceVersion "1"]
[SourceVersionDate "2013.11.20"]
[SourceQuality "1"]
[WhiteTeam "Foti"]
[BlackTeam "Matra"]
[WhiteTeamCountry "HUN"]
[BlackTeamCountry "HUN"]

1. d4 Nf6 2. c4 c5 3. d5 g6 4. Nc3 d6 5. e4 Bg7 6. Nf3 0-0 7. Bd3 Na6 8. 0-0 Nc7 9. Re1 a6 10. h3 Bd7 11. a4 b5 12. axb5 axb5 13. Rxa8 Qxa8 14. e5 Nfe8 15. Bg5 f6 16. exf6 exf6 17. Bc1 b4 18. Ne4 Qd8 19. b3 Bc8 20. Qc2 Rf7 21. Ng3 1/2-1/2

[Event "HUN-chT2 Maroczy 0910"]
[Site "Hungary"]
[Date "2010.05.02"]
[Round "11"]
[White "Marjanovic, Gyorgy"]
[Black "Demeter, Istvan"]
[Result "1/2-1/2"]
[WhiteElo "2105"]
[BlackElo "2101"]
[PlyCount "81"]
[EventDate "2009.11.08"]
[EventType "team-tourn"]
[EventRounds "11"]
[EventCountry "HUN"]
[SourceTitle "EXT 2011"]
[Source "ChessBase"]
[SourceDate "2010.11.26"]
[SourceVersion "1"]
[SourceVersionDate "2010.11.26"]
[SourceQuality "1"]
[WhiteTeam "Maroczy"]
[BlackTeam "Matra"]
[WhiteTeamCountry "HUN"]
[BlackTeamCountry "HUN"]

1. e4 c5 2. Nf3 Nc6 3. d4 cxd4 4. Nxd4 g6 5. c4 Bg7 6. Nc2 d6 7. Nc3 Bxc3+ 8. bxc3 Qa5 9. Bd2 Nf6 10. f3 Ne5 11. Be2 Qc5 12. Ne3 Be6 13. Qa4+ Qc6 14. Qxc6+ Nxc6 15. Nd5 Rc8 16. Be3 Nd7 17. Kf2 b6 18. Rhb1 Na5 19. Bd4 f6 20. Rb4 Ne5 21. Bxe5 fxe5 22. g3 Rf8 23. Ke3 Rc5 24. Rf1 Bh3 25. Rd1 e6 26. Nxb6 axb6 27. Rxd6 Ke7 28. Rdxb6 Rfc8 29. Kf2 Kf6 30. g4 Nxc4 31. Rb7 h5 32. gxh5 gxh5 33. Kg3 Nd6 34. R7b6 Nf7 35. Kxh3 Rg8 36. Rb1 Rxc3 37. R6b3 Ng5+ 38. Kh4 Rc2 39. R3b2 Rc3 40. Rb3 Rc2 41. R3b2 1/2-1/2